000 00599nam a2200193Ia 4500
005 20260114185826.0
008 008 260114s9999 xx 000 0 eng d
020 _a9781474223775
037 _aEBOOK
040 _aCRL
_beng
_cCRL
041 _aeng
_2eng
084 _qCRL
100 _aJoy Spanabel Emery
_9874874
245 2 _aA History of the Paper Pattern Industry The Home Dressmaking Fashion Revolution
260 _bBloomsbury
_c2014
856 _uhttps://doi.org/10.2752/9781474223775?locatt=label:secondary_bloomsburyCollections
942 _cEBOOK
999 _c1473808
_d1473808